Disability studies : (Record no. 13796)
[ view plain ]
| 000 -LEADER | |
|---|---|
| fixed length control field | 00791nam a22002057a 4500 |
| 008 - FIXED-LENGTH DATA ELEMENTS--GENERAL INFORMATION | |
| fixed length control field | 190415b ||||| |||| 00| 0 eng d |
| 020 ## - INTERNATIONAL STANDARD BOOK NUMBER | |
| International Standard Book Number | 9789463001991 |
| 082 ## - DEWEY DECIMAL CLASSIFICATION NUMBER | |
| Edition number | 2015 |
| Classification number | AV-Eb 371.9046 |
| Item number | C793 |
| 100 ## - MAIN ENTRY--PERSONAL NAME | |
| Personal name | Corcoran, Tim.editor |
| 9 (RLIN) | 38331 |
| 245 ## - TITLE STATEMENT | |
| Title | Disability studies : |
| Remainder of title | educating for inclusion / |
| Statement of responsibility, etc. | edited by Tim Corcoran, Julie White, and Ben Whitburn |
| 260 ## - PUBLICATION, DISTRIBUTION, ETC. (IMPRINT) | |
| Name of publisher, distributor, etc. | Sense Publishers |
| Date of publication, distribution, etc. | ©2015. |
| 300 ## - PHYSICAL DESCRIPTION | |
| Extent | 275 pages; |
| 440 ## - SERIES STATEMENT/ADDED ENTRY--TITLE | |
| Title | Innovations and Controversies: Interrogating Educational Change |
| 9 (RLIN) | 38332 |
| 500 ## - GENERAL NOTE | |
| General note | Includes index |
| 650 ## - SUBJECT ADDED ENTRY--TOPICAL TERM | |
| Topical term or geographic name as entry element | Inclusive education. |
| 9 (RLIN) | 38333 |
| 700 ## - ADDED ENTRY--PERSONAL NAME | |
| Personal name | White, Julie.editor |
| 9 (RLIN) | 38334 |
| 700 ## - ADDED ENTRY--PERSONAL NAME | |
| Personal name | Whitburn, Ben.editor |
| 9 (RLIN) | 38335 |
| 856 ## - ELECTRONIC LOCATION AND ACCESS | |
| Link text | https://ebookcentral.proquest.com/lib/uniofmindanao-ebooks/detail.action?docID=4396493 |
| 942 ## - ADDED ENTRY ELEMENTS (KOHA) | |
| Source of classification or shelving scheme | Dewey Decimal Classification |
| Koha item type | Ebooks |
| Withdrawn status | Lost status | Source of classification or shelving scheme | Damaged status | Not for loan | Home library | Current library | Shelving location | Date acquired | Source of acquisition | Total Checkouts | Full call number | Barcode | Date last seen | Copy number | Price effective from | Koha item type |
|---|---|---|---|---|---|---|---|---|---|---|---|---|---|---|---|---|
| Dewey Decimal Classification | UM Digos College - LIC | UM Digos College - LIC | Processing Center | 04/15/2019 | Downloaded | AV-Eb 371.9046 C793 | Eb165 | 04/15/2019 | 1 | 04/15/2019 | Ebooks |
